<?xml version="1.0" encoding="UTF-8"?>
<collection xmlns="http://www.loc.gov/MARC21/slim">
 <record>
  <leader>00546nam a22001815a 4500</leader>
  <controlfield tag="001">CEM.cems013635</controlfield>
  <controlfield tag="005">20120229102212.0</controlfield>
  <controlfield tag="008">130507s1971##################000#0#####d</controlfield>
  <controlfield tag="003">CEMS</controlfield>
  <datafield tag="082" ind1="0" ind2="4">
   <subfield code="a">700.3</subfield>
  </datafield>
  <datafield tag="100" ind1="1" ind2=" ">
   <subfield code="a">Crespi, Irene</subfield>
  </datafield>
  <datafield tag="245" ind1="1" ind2="0">
   <subfield code="a">Léxico técnico de las artes plásticas /</subfield>
   <subfield code="c">Irene Crespi y Jorge Ferrario</subfield>
  </datafield>
  <datafield tag="260" ind1=" " ind2=" ">
   <subfield code="a">Buenos Aires :</subfield>
   <subfield code="b">Eudeba,</subfield>
   <subfield code="c">1971</subfield>
  </datafield>
  <datafield tag="300" ind1=" " ind2=" ">
   <subfield code="a">109 p.</subfield>
  </datafield>
  <datafield tag="490" ind1="0" ind2=" ">
   <subfield code="a">Manuales de Eudeba</subfield>
  </datafield>
  <datafield tag="653" ind1=" " ind2=" ">
   <subfield code="a">Artes plásticas-léxico</subfield>
  </datafield>
  <datafield tag="700" ind1="1" ind2=" ">
   <subfield code="a">Ferrario, Jorge</subfield>
  </datafield>
  <datafield tag="859" ind1=" " ind2=" ">
   <subfield code="a">CEMS</subfield>
   <subfield code="b">BIB. CEMS - 11 de abril</subfield>
   <subfield code="h">700.3</subfield>
   <subfield code="i">C864</subfield>
   <subfield code="p">26270.12</subfield>
   <subfield code="t">Ej.1</subfield>
  </datafield>
 </record>
</collection>
